[Event "Oakham Young Masters"]
[Site "Oakham"]
[Date "1990.04.02"]
[Round "6"]
[White "Arakhamia-Grant, Ketevan"]
[Black "Hracek, Zbynek"]
[Result "0-1"]
[WhiteElo "2385"]
[BlackElo "2390"]
[PlyCount "60"]
[EventDate "1990.03.28"]
[EventType "swiss"]
[EventRounds "9"]
[EventCountry "ENG"]
[SourceTitle "BritBase"]
[Source "John Saunders"]
[SourceDate "2023.06.27"]
[SourceVersion "1"]
[SourceVersionDate "2023.06.27"]
[SourceQuality "1"]

1. e4 c5 2. Nf3 d6 3. d4 cxd4 4. Nxd4 Nf6 5. Nc3 Nc6 6. Bg5 Qb6 7. Nb3 e6 8.
Bd3 Be7 9. Qe2 a6 10. O-O h6 11. Be3 Qc7 12. f4 O-O 13. g4 Nh7 14. Rf3 b5 15.
Rh3 b4 16. Na4 Rb8 17. c3 Bd7 18. e5 dxe5 19. Nac5 Bc8 20. fxe5 Nxe5 21. Nxa6
Bxa6 22. Bxa6 bxc3 23. bxc3 Qxc3 24. Rc1 Qb4 25. Bd4 Ng6 26. Bd3 Nf4 27. Bxh7+
Kh8 28. Qc2 Nxh3+ 29. Kg2 Ng5 30. Bd3 Qb7+ 0-1

[Event "Oakham Young Masters"]
[Site "Oakham"]
[Date "1990.04.02"]
[Round "6"]
[White "Chabanon, Jean Luc"]
[Black "Kogan, Artur"]
[Result "1-0"]
[WhiteElo "2390"]
[BlackElo "2335"]
[PlyCount "83"]
[EventDate "1990.03.28"]
[EventType "swiss"]
[EventRounds "9"]
[EventCountry "ENG"]
[SourceTitle "BritBase"]
[Source "John Saunders"]
[SourceDate "2023.06.27"]
[SourceVersion "1"]
[SourceVersionDate "2023.06.27"]
[SourceQuality "1"]

1. d4 Nf6 2. c4 e6 3. Nc3 Bb4 4. Qc2 O-O 5. a3 Bxc3+ 6. Qxc3 b6 7. Bg5 Bb7 8.
f3 d5 9. cxd5 exd5 10. Rc1 h6 11. Bh4 c6 12. e3 Re8 13. Bf2 c5 14. Bb5 Bc6 15.
Bd3 c4 16. Bb1 Nbd7 17. Ne2 b5 18. O-O a5 19. Ng3 Nb6 20. Rfe1 b4 21. axb4 Na4
22. Qc2 axb4 23. e4 g6 24. e5 Nh7 25. e6 f5 26. Nxf5 gxf5 27. Qxf5 Qe7 28. Bh4
Qg7 29. e7 Rac8 30. Qe6+ Kh8 31. Bg3 Ng5 32. Qd6 Nf7 33. Qxb4 Qxd4+ 34. Bf2 Qg7
35. Rcd1 Kg8 36. Bd4 Qg5 37. Bc2 Rb8 38. Qa3 Nb6 39. Re6 Bd7 40. Rg6+ Qxg6 41.
Bxg6 Be6 42. Qe3 1-0

[Event "Oakham Young Masters"]
[Site "Oakham"]
[Date "1990.04.02"]
[Round "6"]
[White "Galliamova, Alisa"]
[Black "Manor, Ilan"]
[Result "0-1"]
[WhiteElo "2365"]
[BlackElo "2450"]
[PlyCount "66"]
[EventDate "1990.03.28"]
[EventType "swiss"]
[EventRounds "9"]
[EventCountry "ENG"]
[SourceTitle "BritBase"]
[Source "John Saunders"]
[SourceDate "2023.06.27"]
[SourceVersion "1"]
[SourceVersionDate "2023.06.27"]
[SourceQuality "1"]

1. Nf3 g6 2. e4 Bg7 3. d4 d6 4. Nc3 Nf6 5. h3 O-O 6. Be3 a6 7. a4 d5 8. e5 Ne4
9. Nxe4 dxe4 10. Ng5 c5 11. dxc5 Qc7 12. c3 Nc6 13. Nxe4 Bf5 14. Ng3 Rfd8 15.
Qc1 Be6 16. f4 Na5 17. Qc2 Nb3 18. Ra3 Nxc5 19. Be2 g5 20. Ne4 Bf5 21. Nf6+
exf6 22. Qxf5 gxf4 23. Qxf4 Nd3+ 24. Bxd3 Rxd3 25. exf6 Qxf4 26. Bxf4 Re8+ 27.
Kf2 Bf8 28. Raa1 Re4 29. g3 Bc5+ 30. Kg2 Re2+ 31. Kf1 Rxb2 32. Rc1 Rf3+ 33. Ke1
Bf2+ 0-1

[Event "Oakham Young Masters"]
[Site "Oakham"]
[Date "1990.04.02"]
[Round "6"]
[White "Hennigan, Michael T"]
[Black "Schlosser, Michael"]
[Result "0-1"]
[WhiteElo "2355"]
[BlackElo "2340"]
[PlyCount "80"]
[EventDate "1990.03.28"]
[EventType "swiss"]
[EventRounds "9"]
[EventCountry "ENG"]
[SourceTitle "BritBase"]
[Source "John Saunders"]
[SourceDate "2023.06.27"]
[SourceVersion "1"]
[SourceVersionDate "2023.06.27"]
[SourceQuality "1"]

1. e4 c5 2. Nf3 e6 3. d4 cxd4 4. Nxd4 a6 5. Nc3 Qc7 6. Bd3 Nf6 7. O-O Nc6 8.
Nxc6 bxc6 9. f4 d5 10. Kh1 Be7 11. e5 Nd7 12. Qh5 Nc5 13. Be2 O-O 14. Be3 Nd7
15. Bd3 g6 16. Qh6 f5 17. g4 Rf7 18. gxf5 Rxf5 19. Bxf5 exf5 20. Rg1 Nf8 21. h4
Be6 22. h5 Kf7 23. hxg6+ hxg6 24. Ne2 c5 25. c3 Rb8 26. Rab1 d4 27. cxd4 Qc6+
28. Kh2 Qf3 29. Nc3 Qxe3 30. d5 Bxd5 31. Nxd5 Qd2+ 32. Rg2 Qxd5 33. Rbg1 Rb6
34. b3 a5 35. Qh3 a4 36. bxa4 Qe4 37. Qg3 Qxa4 38. Re1 Qd4 39. e6+ Rxe6 40.
Rxe6 Kxe6 0-1

[Event "Oakham Young Masters"]
[Site "Oakham"]
[Date "1990.04.02"]
[Round "6"]
[White "Hill, Shane Malcolm"]
[Black "Luther, Thomas"]
[Result "0-1"]
[WhiteElo "2245"]
[BlackElo "2405"]
[PlyCount "90"]
[EventDate "1990.03.28"]
[EventType "swiss"]
[EventRounds "9"]
[EventCountry "ENG"]
[SourceTitle "BritBase"]
[Source "John Saunders"]
[SourceDate "2023.06.27"]
[SourceVersion "1"]
[SourceVersionDate "2023.06.27"]
[SourceQuality "1"]

1. d4 e6 2. Nf3 Nf6 3. Bf4 Be7 4. e3 Nh5 5. Bg3 d6 6. Bd3 b6 7. Ne5 Nxg3 8.
Nxf7 Kxf7 9. Qf3+ Kg8 10. hxg3 d5 11. Qh5 h6 12. Bg6 Qf8 13. Nc3 Bb4 14. e4 Nd7
15. e5 Qe7 16. Rh4 Nf8 17. Bd3 Bd7 18. Kf1 Qe8 19. Qf3 Bxc3 20. bxc3 Bb5 21. c4
Bxc4 22. Bxc4 dxc4 23. Rg4 Rd8 24. Qb7 h5 25. Re4 Qe7 26. Qxa7 h4 27. Kg1 hxg3
28. fxg3 Ng6 29. Qa4 c5 30. Qxc4 Rxd4 31. Rxd4 cxd4 32. Qxd4 Qc5 33. Qxc5 bxc5
34. a4 Kf7 35. Re1 Rd8 36. Re3 Rd1+ 37. Kh2 Ra1 38. Re4 Ra2 39. c3 Ra3 40. Rc4
Nxe5 41. Rxc5 Ng4+ 42. Kh3 Rxa4 43. c4 Ne3 44. Rc7+ Kf6 45. c5 Rc4 0-1

[Event "Oakham Young Masters"]
[Site "Oakham"]
[Date "1990.04.02"]
[Round "6"]
[White "Matveeva, Svetlana"]
[Black "Piper, Matthew S"]
[Result "1/2-1/2"]
[WhiteElo "2360"]
[BlackElo "2305"]
[PlyCount "91"]
[EventDate "1990.03.28"]
[EventType "swiss"]
[EventRounds "9"]
[EventCountry "ENG"]
[SourceTitle "BritBase"]
[Source "John Saunders"]
[SourceDate "2023.06.27"]
[SourceVersion "1"]
[SourceVersionDate "2023.06.27"]
[SourceQuality "1"]

1. Nf3 Nf6 2. g3 c5 3. Bg2 Nc6 4. d3 g6 5. O-O Bg7 6. e4 O-O 7. Nbd2 d6 8. Ne1
Rb8 9. f4 Qc7 10. f5 b5 11. g4 Bb7 12. g5 Nd7 13. Qg4 c4 14. Qh4 Nd4 15. c3
Ne2+ 16. Kh1 cxd3 17. Nxd3 Qb6 18. Nf3 d5 19. exd5 Nxc1 20. Raxc1 Bxd5 21. Nb4
Bc4 22. Rfd1 Nc5 23. b3 Be2 24. Nd5 Qb7 25. Nd4 Bxd1 26. f6 exf6 27. Nxf6+ Bxf6
28. Bxb7 Bxd4 29. cxd4 Rxb7 30. Rxd1 Ne6 31. d5 Rd7 32. Qb4 a6 33. h4 Rfd8 34.
d6 h6 35. gxh6 Kh7 36. Qd2 Nc5 37. Qd5 Ne6 38. Qc6 Nc7 39. Re1 Ne6 40. Qxa6
Rxd6 41. Qxb5 Rd4 42. a4 R8d5 43. Qb8 Rf5 44. Kg2 Rd2+ 45. Kg1 Ng5 46. hxg5
1/2-1/2

[Event "Oakham Young Masters"]
[Site "Oakham"]
[Date "1990.04.02"]
[Round "6"]
[White "Norwood, David Robert"]
[Black "Blatny, Pavel"]
[Result "0-1"]
[WhiteElo "2530"]
[BlackElo "2510"]
[PlyCount "66"]
[EventDate "1990.03.28"]
[EventType "swiss"]
[EventRounds "9"]
[EventCountry "ENG"]
[SourceTitle "BritBase"]
[Source "John Saunders"]
[SourceDate "2023.06.27"]
[SourceVersion "1"]
[SourceVersionDate "2023.06.27"]
[SourceQuality "1"]

1. d4 d5 2. Nf3 Nf6 3. Bg5 e6 4. e3 Nbd7 5. Bd3 h6 6. Bh4 Be7 7. O-O b6 8. Nbd2
Bb7 9. c3 Ne4 10. Bxe7 Qxe7 11. Qc2 Nxd2 12. Nxd2 c5 13. f4 a5 14. Rf3 Ba6 15.
Raf1 Bxd3 16. Qxd3 c4 17. Qe2 f5 18. g4 Nf6 19. gxf5 exf5 20. Rg3 O-O 21. Qg2
Ra7 22. Kh1 b5 23. Rg1 b4 24. Rg6 Kh8 25. Nf3 Qxe3 26. Rxg7 Qxg1+ 27. Qxg1 Rxg7
28. Qe1 Ne4 29. h3 Rg3 30. Qf1 Rxh3+ 31. Kg2 Rh5 32. Qe2 Rg8+ 33. Ng5 Rh4 0-1

[Event "Oakham Young Masters"]
[Site "Oakham"]
[Date "1990.04.02"]
[Round "6"]
[White "Ruxton, Keith"]
[Black "Badea, Bela"]
[Result "0-1"]
[WhiteElo "2325"]
[BlackElo "2495"]
[PlyCount "54"]
[EventDate "1990.03.28"]
[EventType "swiss"]
[EventRounds "9"]
[EventCountry "ENG"]
[SourceTitle "BritBase"]
[Source "John Saunders"]
[SourceDate "2023.06.27"]
[SourceVersion "1"]
[SourceVersionDate "2023.06.27"]
[SourceQuality "1"]

1. e4 c5 2. Nf3 d6 3. d4 cxd4 4. Nxd4 Nf6 5. Nc3 a6 6. Bg5 e6 7. f4 Qc7 8. Bxf6
gxf6 9. f5 Nc6 10. fxe6 fxe6 11. Be2 Qb6 12. Nxc6 bxc6 13. Bh5+ Ke7 14. Qd2 Rb8
15. b3 Qc5 16. O-O-O Bg7 17. e5 Qxe5 18. Rhe1 Qc5 19. Ne4 Qa3+ 20. Kb1 Rd8 21.
Rf1 Rb5 22. Be2 Rd5 23. Bd3 Bd7 24. c4 Ra5 25. Nxd6 Kxd6 26. b4 Kc7 27. Bc2
Qxa2+ 0-1

[Event "Oakham Young Masters"]
[Site "Oakham"]
[Date "1990.04.02"]
[Round "6"]
[White "Siekanski, Janusz"]
[Black "Stratil, Ladislav Jr"]
[Result "1-0"]
[WhiteElo "2370"]
[BlackElo "2380"]
[PlyCount "53"]
[EventDate "1990.03.28"]
[EventType "swiss"]
[EventRounds "9"]
[EventCountry "ENG"]
[SourceTitle "BritBase"]
[Source "John Saunders"]
[SourceDate "2023.06.27"]
[SourceVersion "1"]
[SourceVersionDate "2023.06.27"]
[SourceQuality "1"]

1. d4 Nf6 2. Nf3 g6 3. c4 Bg7 4. Nc3 O-O 5. e4 d6 6. Be2 e5 7. O-O Nbd7 8. Re1
Re8 9. Bf1 c6 10. d5 Qc7 11. Rb1 a6 12. Bd2 cxd5 13. cxd5 b5 14. b4 Nb6 15. a4
bxa4 16. Nxa4 Bd7 17. Nxb6 Qxb6 18. Be3 Qb7 19. Nd2 Ng4 20. Bg5 Qa7 21. Qf3 f6
22. Bh4 f5 23. h3 Nh6 24. Bg5 Nf7 25. Be3 Qb7 26. Nc4 fxe4 27. Qxf7+ 1-0

[Event "Oakham Young Masters"]
[Site "Oakham"]
[Date "1990.04.02"]
[Round "6"]
[White "Stangl, Markus"]
[Black "Ulibin, Mikhail"]
[Result "1-0"]
[WhiteElo "2405"]
[BlackElo "2500"]
[PlyCount "101"]
[EventDate "1990.03.28"]
[EventType "swiss"]
[EventRounds "9"]
[EventCountry "ENG"]
[SourceTitle "BritBase"]
[Source "John Saunders"]
[SourceDate "2023.06.27"]
[SourceVersion "1"]
[SourceVersionDate "2023.06.27"]
[SourceQuality "1"]

1. Nf3 Nf6 2. c4 c5 3. Nc3 e6 4. g3 b6 5. Bg2 Bb7 6. O-O Be7 7. d4 cxd4 8. Qxd4
d6 9. Bg5 a6 10. Bxf6 Bxf6 11. Qf4 Bxf3 12. Qxf3 Ra7 13. Rfd1 O-O 14. Rac1 Nd7
15. Qe3 Qb8 16. Rc2 b5 17. cxb5 axb5 18. Nxb5 Rxa2 19. Nxd6 Rxb2 20. Rxb2 Qxb2
21. Nxf7 Rxf7 22. Qxe6 Qe5 23. Bd5 Qxe6 24. Bxe6 Nc5 25. Bxf7+ Kxf7 26. f4 Ke6
27. Kf2 h5 28. Kf3 Nb3 29. e3 g6 30. Rd3 Nc5 31. Ra3 Be7 32. e4 Bf6 33. Ra8 Be7
34. Rc8 Kf7 35. e5 Ke6 36. Rc6+ Kf7 37. h3 Ne6 38. Ke3 h4 39. g4 g5 40. f5 Nf4
41. f6 Bf8 42. Ke4 Kg6 43. Rc8 Ne6 44. Rb8 Ba3 45. Rg8+ Kf7 46. Ra8 Bb2 47. Kf5
Nd4+ 48. Kxg5 Nf3+ 49. Kf5 Nxe5 50. g5 Bd4 51. Rb8 1-0

[Event "Oakham Young Masters"]
[Site "Oakham"]
[Date "1990.04.03"]
[Round "7"]
[White "Akopian, Vladimir Eduardovic"]
[Black "Siekanski, Janusz"]
[Result "1-0"]
[WhiteElo "2550"]
[BlackElo "2370"]
[PlyCount "51"]
[EventDate "1990.03.28"]
[EventType "swiss"]
[EventRounds "9"]
[EventCountry "ENG"]
[SourceTitle "BritBase"]
[Source "John Saunders"]
[SourceDate "2023.06.27"]
[SourceVersion "1"]
[SourceVersionDate "2023.06.27"]
[SourceQuality "1"]

1. d4 Nf6 2. c4 e6 3. Nf3 b6 4. Bf4 Bb7 5. e3 Be7 6. h3 c5 7. dxc5 bxc5 8. Nc3
O-O 9. Be2 d6 10. O-O Qb6 11. Qc2 Rd8 12. Rfd1 Nbd7 13. Rd2 Nf8 14. Rad1 Ng6
15. Bh2 Rd7 16. e4 Rad8 17. e5 dxe5 18. Nxe5 Rxd2 19. Rxd2 Rxd2 20. Qxd2 Bd6
21. Nxg6 Bxh2+ 22. Kxh2 hxg6 23. Kg1 Ne4 24. Nxe4 Bxe4 25. a3 Qb3 26. Qd8+ 1-0

[Event "Oakham Young Masters"]
[Site "Oakham"]
[Date "1990.04.03"]
[Round "7"]
[White "Anand, Viswanathan"]
[Black "Norwood, David Robert"]
[Result "0-1"]
[WhiteElo "2555"]
[BlackElo "2530"]
[PlyCount "56"]
[EventDate "1990.03.28"]
[EventType "swiss"]
[EventRounds "9"]
[EventCountry "ENG"]
[SourceTitle "BritBase"]
[Source "John Saunders"]
[SourceDate "2023.06.27"]
[SourceVersion "1"]
[SourceVersionDate "2023.06.27"]
[SourceQuality "1"]

1. e4 g6 2. d4 Bg7 3. Nc3 d6 4. f4 c6 5. Nf3 b5 6. Bd3 Bg4 7. e5 dxe5 8. dxe5
Nh6 9. O-O O-O 10. h3 Bf5 11. Ne4 Na6 12. Qe1 f6 13. a4 Nc7 14. g4 Be6 15. Nc5
Bd5 16. f5 gxf5 17. Qh4 Bxf3 18. Rxf3 Qd5 19. Bxh6 Bxh6 20. Rxf5 Qxc5+ 21. Kh2
e6 22. Rh5 Bf4+ 23. Kg2 Qd5+ 24. Kg1 Qd4+ 25. Kg2 Qd5+ 26. Kg1 Be3+ 27. Kh2 h6
28. Qg3 Qd4 0-1

[Event "Oakham Young Masters"]
[Site "Oakham"]
[Date "1990.04.03"]
[Round "7"]
[White "Badea, Bela"]
[Black "Chabanon, Jean Luc"]
[Result "1/2-1/2"]
[WhiteElo "2495"]
[BlackElo "2390"]
[PlyCount "26"]
[EventDate "1990.03.28"]
[EventType "swiss"]
[EventRounds "9"]
[EventCountry "ENG"]
[SourceTitle "BritBase"]
[Source "John Saunders"]
[SourceDate "2023.06.27"]
[SourceVersion "1"]
[SourceVersionDate "2023.06.27"]
[SourceQuality "1"]

1. c4 g6 2. Nf3 Bg7 3. Nc3 Nf6 4. g3 O-O 5. Bg2 c6 6. d4 d5 7. Ne5 Nbd7 8. O-O
Nxe5 9. dxe5 Ne4 10. Nxe4 dxe4 11. Bf4 Qa5 12. Qd4 Bf5 13. Bxe4 Rfd8 1/2-1/2

[Event "Oakham Young Masters"]
[Site "Oakham"]
[Date "1990.04.03"]
[Round "7"]
[White "Blatny, Pavel"]
[Black "Stangl, Markus"]
[Result "1-0"]
[WhiteElo "2510"]
[BlackElo "2405"]
[PlyCount "61"]
[EventDate "1990.03.28"]
[EventType "swiss"]
[EventRounds "9"]
[EventCountry "ENG"]
[SourceTitle "BritBase"]
[Source "John Saunders"]
[SourceDate "2023.06.27"]
[SourceVersion "1"]
[SourceVersionDate "2023.06.27"]
[SourceQuality "1"]

1. e4 g6 2. d4 d6 3. Nc3 c6 4. Be2 Bg7 5. Nf3 Nf6 6. O-O O-O 7. a4 Nbd7 8. Bf4
Qc7 9. Qd2 e5 10. Bh6 Bxh6 11. Qxh6 Qb6 12. a5 Qxb2 13. Qd2 exd4 14. Na4 Nxe4
15. Qd3 Qb4 16. Qxe4 Qxa5 17. Qxd4 d5 18. Qh4 Re8 19. Bd3 Nf8 20. Rfb1 b5 21.
Nc5 Qb6 22. Qd4 a5 23. Re1 Bg4 24. Rxe8 Rxe8 25. Nb3 Qxd4 26. Nfxd4 a4 27. Na5
c5 28. Nxb5 Ra8 29. Nc6 c4 30. Nc7 cxd3 31. Nxa8 1-0

[Event "Oakham Young Masters"]
[Site "Oakham"]
[Date "1990.04.03"]
[Round "7"]
[White "Carton, Niall"]
[Black "Arakhamia-Grant, Ketevan"]
[Result "0-1"]
[WhiteElo "2205"]
[BlackElo "2385"]
[PlyCount "78"]
[EventDate "1990.03.28"]
[EventType "swiss"]
[EventRounds "9"]
[EventCountry "ENG"]
[SourceTitle "BritBase"]
[Source "John Saunders"]
[SourceDate "2023.06.27"]
[SourceVersion "1"]
[SourceVersionDate "2023.06.27"]
[SourceQuality "1"]

1. e4 c5 2. Nc3 Nc6 3. f4 d6 4. Nf3 Nf6 5. d3 g6 6. g3 Bg7 7. Bg2 O-O 8. O-O
Rb8 9. Ne2 b6 10. Nh4 Bb7 11. Rb1 d5 12. e5 Ne8 13. d4 Ba6 14. c3 cxd4 15. cxd4
Nc7 16. Rf2 Qd7 17. Be3 f6 18. Nf3 Rbc8 19. Nc3 Bh6 20. Qd2 Na5 21. b3 Nb5 22.
Nxb5 Bxb5 23. Bf1 Qf5 24. Rd1 Bxf1 25. Rfxf1 Rc2 26. Qb4 Qe4 27. Bd2 Nc6 28.
Qa4 b5 29. Qa6 Nxd4 30. Nxd4 Qxd4+ 31. Rf2 fxe5 32. Qe6+ Rf7 33. Qh3 exf4 34.
Qh4 Bg7 35. gxf4 Rxa2 36. Qg4 Qc5 37. Kg2 Rc2 38. Re2 d4 39. Kg3 Qd5 0-1

[Event "Oakham Young Masters"]
[Site "Oakham"]
[Date "1990.04.03"]
[Round "7"]
[White "Fishbein, Alexander"]
[Black "Galliamova, Alisa"]
[Result "0-1"]
[WhiteElo "2470"]
[BlackElo "2365"]
[PlyCount "108"]
[EventDate "1990.03.28"]
[EventType "swiss"]
[EventRounds "9"]
[EventCountry "ENG"]
[SourceTitle "BritBase"]
[Source "John Saunders"]
[SourceDate "2023.06.27"]
[SourceVersion "1"]
[SourceVersionDate "2023.06.27"]
[SourceQuality "1"]

1. e4 c5 2. Nf3 Nc6 3. d4 cxd4 4. Nxd4 Nf6 5. Nc3 d6 6. Be2 e5 7. Nf3 h6 8. O-O
Be7 9. Re1 O-O 10. h3 a6 11. Bf1 Qc7 12. Be3 Re8 13. Qd2 Bd7 14. Rad1 Bf8 15.
Nd5 Nxd5 16. exd5 Na5 17. b3 b5 18. c4 bxc4 19. Rc1 Rec8 20. bxc4 Nb7 21. c5
dxc5 22. Rb1 Bd6 23. Bxh6 gxh6 24. Qxh6 Bf8 25. Qh5 Bg7 26. Nxe5 Bb5 27. Rb3
Re8 28. Rg3 f6 29. d6 Nxd6 30. Ng4 Kf8 31. Rxe8+ Nxe8 32. Ne3 Bxf1 33. Kxf1 Rb8
34. Qg6 Qb6 35. Ke2 Qb5+ 36. Kf3 Qc6+ 37. Kg4 Rb4+ 38. f4 Qe6+ 39. Qf5 Qxf5+
40. Nxf5 Kf7 41. h4 Rb2 42. h5 Bf8 43. h6 Kg6 44. Rh3 Kh7 45. Re3 Nd6 46. Nxd6
Bxd6 47. g3 Rxa2 48. Re6 Rd2 49. Rxf6 c4 50. Rf7+ Kxh6 51. Kf5 c3 52. g4 Bxf4
53. Rf6+ Kg7 54. Rc6 Rf2 0-1

[Event "Oakham Young Masters"]
[Site "Oakham"]
[Date "1990.04.03"]
[Round "7"]
[White "Kogan, Artur"]
[Black "Buckley, Graeme N"]
[Result "1-0"]
[WhiteElo "2335"]
[BlackElo "2240"]
[PlyCount "53"]
[EventDate "1990.03.28"]
[EventType "swiss"]
[EventRounds "9"]
[EventCountry "ENG"]
[SourceTitle "BritBase"]
[Source "John Saunders"]
[SourceDate "2023.06.27"]
[SourceVersion "1"]
[SourceVersionDate "2023.06.27"]
[SourceQuality "1"]

1. e4 c5 2. Nf3 e6 3. d4 cxd4 4. Nxd4 Nf6 5. Nc3 d6 6. f4 Be7 7. Be3 O-O 8. Qf3
e5 9. Nf5 Nc6 10. O-O-O Bxf5 11. exf5 Qa5 12. g4 exf4 13. Qxf4 Nb4 14. Bc4 d5
15. Bb3 Rac8 16. Kb1 Rfd8 17. g5 Ne8 18. a3 Nxc2 19. Bxc2 Rxc3 20. bxc3 Bxa3
21. Qa4 Qxc3 22. Qb3 Qa5 23. Qa4 Qc3 24. Bd4 Qf3 25. Qb3 Qxb3+ 26. Bxb3 Nd6 27.
Bb2 1-0

[Event "Oakham Young Masters"]
[Site "Oakham"]
[Date "1990.04.03"]
[Round "7"]
[White "Kosic, Dragan"]
[Black "Summerscale, Aaron P"]
[Result "1-0"]
[WhiteElo "2415"]
[BlackElo "2295"]
[PlyCount "110"]
[EventDate "1990.03.28"]
[EventType "swiss"]
[EventRounds "9"]
[EventCountry "ENG"]
[SourceTitle "BritBase"]
[Source "John Saunders"]
[SourceDate "2023.06.27"]
[SourceVersion "1"]
[SourceVersionDate "2023.06.27"]
[SourceQuality "1"]

1. e4 d5 2. exd5 Qxd5 3. Nc3 Qa5 4. Nf3 Nf6 5. Bc4 Bf5 6. O-O e6 7. d4 c6 8.
Re1 Be7 9. Ne2 Be4 10. Nc3 Bf5 11. Bd2 Qb6 12. Bb3 Nbd7 13. h3 h6 14. Qe2 O-O
15. Rad1 Rfe8 16. Ne5 Bd6 17. Nc4 Qc7 18. Nxd6 Qxd6 19. Qf3 Bg6 20. Bf4 Qb4 21.
Ne2 Be4 22. Qe3 Bd5 23. a3 Qb6 24. c4 Be4 25. Ng3 Bg6 26. Qc3 a5 27. Rc1 Rac8
28. Bd1 Red8 29. b4 axb4 30. axb4 Ra8 31. Bb3 Rdc8 32. Ra1 Qd8 33. Qb2 Rxa1 34.
Rxa1 Ra8 35. Ne2 Nb6 36. Nc1 Qf8 37. Rxa8 Qxa8 38. Qa2 Qxa2 39. Bxa2 Kf8 40. f3
Ke8 41. Kf2 Na4 42. Be5 b5 43. d5 cxd5 44. cxd5 exd5 45. Bxf6 gxf6 46. Bxd5 Kd7
47. Ke3 Kd6 48. Bb3 Nb6 49. Kd4 Nc8 50. Ne2 Ne7 51. Kc3 Ke5 52. g3 Nc6 53. h4
Ne7 54. Nd4 h5 55. Nxb5 Nf5 1-0

[Event "Oakham Young Masters"]
[Site "Oakham"]
[Date "1990.04.03"]
[Round "7"]
[White "Luther, Thomas"]
[Black "Matveeva, Svetlana"]
[Result "1/2-1/2"]
[WhiteElo "2405"]
[BlackElo "2360"]
[PlyCount "55"]
[EventDate "1990.03.28"]
[EventType "swiss"]
[EventRounds "9"]
[EventCountry "ENG"]
[SourceTitle "BritBase"]
[Source "John Saunders"]
[SourceDate "2023.06.27"]
[SourceVersion "1"]
[SourceVersionDate "2023.06.27"]
[SourceQuality "1"]

1. e4 g6 2. d4 Bg7 3. Nc3 c6 4. f4 d5 5. e5 Nh6 6. Nf3 f6 7. Be3 Bg4 8. Bd3 O-O
9. Qd2 Bxf3 10. gxf3 fxe5 11. fxe5 Nf5 12. O-O-O e6 13. h4 c5 14. Bg5 Qa5 15.
dxc5 Nc6 16. h5 Nxe5 17. hxg6 Nxf3 18. Qg2 Nxg5 19. Qxg5 h6 20. Bxf5 Rxf5 21.
Qe7 Qa6 22. Ne4 dxe4 23. Rd7 Rf1+ 24. Kd2 Qa5+ 25. c3 Bxc3+ 26. Kc2 Qa4+ 27.
Kxc3 Qa5+ 28. Kc2 1/2-1/2

[Event "Oakham Young Masters"]
[Site "Oakham"]
[Date "1990.04.03"]
[Round "7"]
[White "Manor, Ilan"]
[Black "Ward, Christopher G"]
[Result "1-0"]
[WhiteElo "2450"]
[BlackElo "2390"]
[PlyCount "83"]
[EventDate "1990.03.28"]
[EventType "swiss"]
[EventRounds "9"]
[EventCountry "ENG"]
[SourceTitle "BritBase"]
[Source "John Saunders"]
[SourceDate "2023.06.27"]
[SourceVersion "1"]
[SourceVersionDate "2023.06.27"]
[SourceQuality "1"]

1. d4 Nf6 2. c4 e6 3. g3 c5 4. d5 exd5 5. cxd5 d6 6. Nc3 g6 7. Bg2 Bg7 8. Nf3
O-O 9. O-O a6 10. a4 Re8 11. Bf4 Qc7 12. Rc1 Nbd7 13. b4 Nh5 14. Bd2 Rb8 15.
Re1 b5 16. axb5 axb5 17. e4 Qb6 18. Be3 Nhf6 19. Nd2 Qd8 20. Nb3 c4 21. Nd4 Ne5
22. Nc6 Nxc6 23. dxc6 Ng4 24. Ba7 Bxc3 25. Rxc3 Ra8 26. Bd4 Ne5 27. Rce3 Nxc6
28. Bc3 Be6 29. Qd2 Ra6 30. f4 f6 31. h4 Kf7 32. R3e2 Kg7 33. Bf3 Rf8 34. g4
Kg8 35. Kg2 Ra3 36. Re3 Qc7 37. Ra1 Rxa1 38. Bxa1 Qe7 39. e5 d5 40. exf6 Qd7
41. Rxe6 Nxb4 42. Re7 1-0

[Event "Oakham Young Masters"]
[Site "Oakham"]
[Date "1990.04.03"]
[Round "7"]
[White "Piper, Matthew S"]
[Black "Ruxton, Keith"]
[Result "1/2-1/2"]
[WhiteElo "2305"]
[BlackElo "2325"]
[PlyCount "99"]
[EventDate "1990.03.28"]
[EventType "swiss"]
[EventRounds "9"]
[EventCountry "ENG"]
[SourceTitle "BritBase"]
[Source "John Saunders"]
[SourceDate "2023.06.27"]
[SourceVersion "1"]
[SourceVersionDate "2023.06.27"]
[SourceQuality "1"]

1. e4 e6 2. d4 d5 3. Nd2 Nf6 4. e5 Nfd7 5. c3 c5 6. f4 Nc6 7. Ndf3 Qb6 8. g3
cxd4 9. cxd4 Bb4+ 10. Kf2 g5 11. fxg5 Ndxe5 12. Nxe5 Nxe5 13. Kg2 Nc6 14. Nf3
Bd7 15. h4 Bf8 16. b3 Bg7 17. Bb2 O-O-O 18. Rc1 Kb8 19. Ba3 Bf8 20. Bxf8 Rdxf8
21. Qc2 Nxd4 22. Nxd4 Rc8 23. Qb2 Rxc1 24. Qxc1 Qxd4 25. Qf4+ Qxf4 26. gxf4 h6
27. Be2 Kc7 28. Kg3 Kd6 29. h5 e5 30. fxe5+ Kxe5 31. gxh6 Rxh6 32. Re1 Bf5 33.
Kh4 Rh7 34. Ba6+ Kd6 35. Bxb7 Bg6 36. Kg3 Rxh5 37. Ba6 Be4 38. Kf4 Rf5+ 39. Ke3
Ke5 40. Rf1 d4+ 41. Kd2 Rh5 42. Rxf7 Rh2+ 43. Ke1 Rxa2 44. Bc4 Bf5 45. Re7+ Kf4
46. Re2 Bc2 47. Kf2 Bb1 48. Ke1 Ra5 49. Kd2 Rg5 50. Bd3 1/2-1/2

[Event "Oakham Young Masters"]
[Site "Oakham"]
[Date "1990.04.03"]
[Round "7"]
[White "Stratil, Ladislav Jr"]
[Black "Tozer, Richard JD"]
[Result "1-0"]
[WhiteElo "2380"]
[BlackElo "2290"]
[PlyCount "82"]
[EventDate "1990.03.28"]
[EventType "swiss"]
[EventRounds "9"]
[EventCountry "ENG"]
[SourceTitle "BritBase"]
[Source "John Saunders"]
[SourceDate "2023.06.27"]
[SourceVersion "1"]
[SourceVersionDate "2023.06.27"]
[SourceQuality "1"]

1. g3 e5 2. c4 Nf6 3. Bg2 d5 4. cxd5 Nxd5 5. Nc3 Nb6 6. d3 Nc6 7. Nf3 Be7 8.
O-O O-O 9. Bd2 Be6 10. a3 Qd7 11. Re1 Bh3 12. Bh1 f5 13. Rc1 Kh8 14. Na4 e4 15.
Nxb6 axb6 16. dxe4 fxe4 17. Ng5 Bc5 18. Nxe4 Qf5 19. Bf4 g5 20. Nxg5 Qxg5 21.
e3 Qg7 22. Qc2 Bf5 23. Qc3 Rf7 24. b4 Bf8 25. Qb3 b5 26. Bxc6 bxc6 27. Be5 Qxe5
28. Qxf7 Be4 29. Qd7 Qd6 30. Qg4 Bd5 31. e4 Be6 32. Qf3 Bg7 33. e5 Qd5 34. Qc3
Ra6 35. Rcd1 Qc4 36. Rd8+ Bg8 37. Qxc4 bxc4 38. e6 Bf6 39. e7 Bxe7 40. Rxe7 c3
41. Ree8 Kg7 1-0